LEADER 00822nam0-22003011i-450- 001 990000073150403321 035 $a000007315 035 $aFED01000007315 035 $a(Aleph)000007315FED01 035 $a000007315 100 $a20011111d--------km-y0itay50------ba 101 0 $aita 105 $ay-------001yy 200 1 $aEn Allemagne$ela Bavičre et la Saxe$fJules Huret. 210 $aParis$cBibliothčque-Charpentier$d1916 215 $a458 p.$d19 cm 610 0 $aBaviera$aDescrizioni e viaggi 610 0 $aSassonia$aDescrizioni e viaggi 676 $a914.3 700 1$aHuret,$bJules$04944 801 0$aIT$bUNINA$gRICA$2UNIMARC 901 $aBK 912 $a990000073150403321 952 $a13 L 41 11$b4279$fFINBC 959 $aFINBC 996 $aEn Allemagne$9110837 997 $aUNINA DB $aING01 LEADER 01507nas 2200361 n 450 001 990009073690403321 005 20240229084534.0 011 $a1723-9729 035 $a000907369 035 $aFED01000907369 035 $a(Aleph)000907369FED01 035 $a000907369 091 $2CNR$aP 00217149 100 $a20090724cuuuu9999km-y0itaa50------ba 101 0 $aita 102 $aIT 110 $aauu-------- 200 1 $a<>Viticoltore pratico$egiornale di agricoltura 207 1$a0- 210 $aAsti$cTip. Operaia A. Bianchi 530 0 $a<>Viticoltore pratico 675 $a634.8 675 $a63 801 0$aIT$bACNP$c20090723 859 4 $uhttp://acnp.cib.unibo.it/cgi-ser/start/it/cnr/dc-p1.tcl?catno=2164727&person=false&language=ITALIANO&libr=&libr_th=unina1$zBiblioteche che possiedono il periodico 901 $aSE 912 $a990009073690403321 958 $aBiblioteca Centralizzata. Facoltą di Agraria dell'Universitą Federico II di Napoli$b1891;$d22(1891);$ePer. It. E 219$fFAGBC 959 $aFAGBC 996 $aViticoltore pratico$9787018 997 $aUNINA AP1 8 $6866-01$aNA087 Biblioteca Centralizzata. Facoltą di Agraria dell'Universitą Federico II di Napoli$ev. Universitą, 100 Palazzo Reale, 80055 Portici (NA)$m081-2539322$m081-7760229$nit AP2 40$aacnp.cib.unibo.it$nACNP Italian Union Catalogue of Serials$uhttp://acnp.cib.unibo.it/cgi-ser/start/it/cnr/df-p.tcl?catno=2164727&language=ITALIANO&libr=&person=&B=1&libr_th=unina&proposto=NO